| 000 | 01466cam a22004094a 4500 | ||
|---|---|---|---|
| 001 | 2884 | ||
| 003 | FISKH | ||
| 005 | 20240122101055.0 | ||
| 008 | 010321s2002 maua b 000 1 eng | ||
| 010 | _a 2001025884 | ||
| 020 | _a0763614467 (alk. paper) | ||
| 020 | _a9780439431743 | ||
| 020 | _a9780763648602 (hardcover) | ||
| 020 | _a9781536200720 (paperback) | ||
| 040 |
_aDLC _cDLC _dDLC _beng |
||
| 042 | _alcac | ||
| 050 | 0 | 0 |
_aPZ7.M478419 _bJus 2002 |
| 082 | 0 | 0 |
_a[Fic] _221 |
| 100 | 1 | _aMcDonald, Megan. | |
| 245 | 1 | 0 |
_aJudy Moody saves the world / _cMegan McDonald ; illustrated by Peter Reynolds. |
| 250 | _aFirst Scholastic printing, October 2002 | ||
| 260 |
_aNew York : _bScholastic, _c2002 |
||
| 300 |
_a144 pages : _billustrations ; _c20 cm. |
||
| 505 | _aK | ||
| 520 | _aWhen Judy Moody gets serious about protecting the environment, her little brother Stink thinks she is overdoing it, but she manages to inspire her third grade class to undertake an award-winning, environment-saving project. | ||
| 521 | 8 |
_a570
_bLexile |
|
| 521 | 8 |
_aK
_bRaz-Plus |
|
| 650 | 1 |
_aEnvironmental protection _vFiction. |
|
| 650 | 1 |
_aSiblings _vFiction. |
|
| 650 | 1 |
_aSchools _vFiction. |
|
| 650 | 1 |
_aContests _vFiction. |
|
| 650 | 1 | _aHumorous stories. | |
| 651 | 1 |
_aVirginia _vFiction. |
|
| 700 | 1 |
_aReynolds, Peter H. _q(Peter Hamilton), _d1961- _eillustrator |
|
| 906 |
_a7 _bcbc _corignew _d1 _eocip _f20 _gy-gencatlg |
||
| 942 |
_2ddc _cBK _n0 |
||
| 999 |
_c2884 _d2884 |
||